000 00619nam a2200193 a 4500
005 20140310183433.0
008 080114s19uu xx 00 eng d
020 _a9781599180724
050 _aKF 886
_b.P56 2007
100 _aPlimpton, Laura
245 _aBusiness contracts :
_bturn any business contract to your advantage (with CD ROM) /
_cLaura Plimpton.
260 _aU.S.A :
_bCWL Publishing,
_c2007.
300 _a278 p. :
_c26 cm.
521 _aBSBA
650 _aContracts
_xUnited States.
650 _aBusiness enterprises
_xLaw and Legislation
_xUnited States.
942 _cBK
_2lcc
_kFOR
999 _c22787
_d22787